000 01329cam a2200265 4500
001 J114282
008 #DATE n2000 000 0 eng u
035 _a(Sirsi) u114282
041 _aeng
050 _a346.4104346
_c18
110 _aUnited Kingdom
_bDepartment of the Environment, Transport and the Regions
_93507
245 _aLeasehold flats
_byour right to buy the freehold of your building or renew your lease
260 _aLondon
_bDETR
_c2000
300 _a21p.
_c21cm.
350 _a0
520 _aThis short booklet explains two rights for leaseholders of flats, as set out in the Leasehold Reform, Housing and Urban Development Act 1993. The first is a group right for leaseholders of flats to buy the freehold of the building they live in. The second is an individual right for a leaseholder to buy a new, longer lease to replace their existing one. View the booklet at www.dclg.gov.uk.
650 _aLEASEHOLD ENFRANCHISEMENT
650 _aLEASEHOLD FLATS
650 _aLEASEHOLD REFORM, HOUSING AND URBAN DEVELOPMENT ACT 1993
650 _aRIGHT TO BUY
690 _aLANDLORD AND TENANT-LEASEHOLD REFORM
710 _aUnited Kingdom
_bOffice of the Deputy Prime Minister
856 _uhttps://www.communities.gov.uk/index.asp?id=1151618
_zView "Leasehold flats" on the DCLG website...
942 _n0
999 _c101599
_d101599